000 00714nam a2200217Ia 4500
001 5312
003 GE_BSU
008 181216s||||||||xx |||||||||||||| ||und||
040 _cGE_BSU
080 _a517(075.8)
100 _aБаврин И.И.
245 _aВысшая математика.
245 _bучебное пособие для студ. пед. ин-тов по биологическим и химическим специальностям.
260 _aМосква
260 _bПросвещение
260 _c1980
300 _a380 с. 22 см.
653 _aВысшая математика.
653 _aუმაღლესი მათემატიკა
942 _cBK
999 _c38897
_d38897